| 000 | 00771nam a2200157Ia 4500 | ||
|---|---|---|---|
| 999 |
_c142 _d142 |
||
| 020 | _a0 19 861123 4 | ||
| 082 | _aRR 423 SUP- | ||
| 245 | 0 | _aOxford English dictionary: being a corrected re-issue with an introduction, supplement, and bibliography of a new English dictionary on historical principles | |
| 260 |
_aOxford _bAt the Clarendon Press _c1976 |
||
| 300 | _a10v. | ||
| 500 | _aContents: Vol.2.C.(1308p.)(1970) - v.2.H-N/edited by R.W. Burchfield(1282p.)(1976) - v.4.F-G(i, 1160p.)(1970) - v.5.H-K(1274p.)(1970) - v.6.L-M(1398p.)(1961) - v.10.Sole-Sz(1607p.)(1970) - | ||
| 504 | _afounded mainly on the materials collected by the Philological Society;ref | ||
| 650 | _aEnglish language - Dictionaries | ||
| 650 | _aEncyclopedias and dictionaries | ||
| 942 |
_cBK _2ddc |
||